Normal view
MARC view
- Razzaq, Ayesha
Entry Personal Name
001 - CONTROL NUMBER
- control field: 130672
003 - CONTROL NUMBER IDENTIFIER
- control field: NUST
005 - DATE AND TIME OF LATEST TRANSACTION
- control field: 20250924114743.0
008 - FIXED-LENGTH DATA ELEMENTS
- fixed length control field: 250924|| aca||aabn | a|a d
040 ## - CATALOGING SOURCE
- Original cataloging agency: NUST
- Transcribing agency: NUST
100 ## - HEADING--PERSONAL NAME
- Personal name: Razzaq, Ayesha
670 ## - SOURCE DATA FOUND
- Source citation: Work cat.: (NUST): Razzaq, Ayesha , Drug Discovery Using Generative AI /
